01545 a2200217 45000010006000000050017000060080041000230030015000640400040000790800042001192450039001610200022002002500011002222640036002333000023002695050948002920410008012401000024012487000028012727000027013002237620260407155514.0260407a2000 arg spa dAR-UNSa-BCEJYS aAR-UNSa-BCEJYSbspacAR-UNSa-BCEJYS a336.13xFinanzas del sector público10aLa economía del sector público a978-84-95348-05-0 a3a. ed 1aBarcelona :bAntoni Boschc2000 axv, 738 p.c24 cm. a1. El sector público en una economía mixta - 2. El sector público en Estados Unidos - 3. La eficiencia del mercado - 4. Los fallos del mercado - 5. Eficiencia y equidad - 6. Los bienes públicos y los bienes privados suministrados por el Estado - 7. La elección pública - 8. Producción pública y burocracia - 9. Las externalidades y el medio medio ambiente - 10. El análisis de la política de gasto - 11. Análisis coste-beneficio - 12. La sanidad - 13. La defensa y la tecnología - 14. La seguridad social - 15. Los programas de asistencia social y la redistribución de la renta - 16. La educación - 17. Los impuestos: introducción - 18. La incidencia de los impuestos - 19. Los impuestos y la eficiencia económica - 20. Los impuestos óptimos - 21. Los impuestos sobre el capital - 22. El federalismo fiscal - 23. Los impuestos y los gastos regionales y municipales - 24. La financiación mediante déficit  aspa1 aStiglitz, Joseph E.1 aRabasco, María Esther1 aToharia Cortés, Luis